Statistiken für Land zu Amtssprache

Klicken Sie hier um das Quiz zu spielen!

Allgemein

  • Dieses Quiz wurde 174 mal gespielt
  • Das Durchschnittsergebnis liegt bei 13 aus 16

Antwortstatistiken

LandSprachen% Korrekt
LiechtensteinDeutsch
97%
FinnlandFinnisch/ Schwedisch
97%
VatikanstadtItalienisch/ Latein
96%
KasachstanRussisch/ Kasachisch
94%
SingapurMalaiisch/ Englisch/ Tamil/ Mandarin-Chinesisch
93%
NeuseelandMāori/ Englisch
93%
Bosnien und HerzegowinaBosnisch/ Serbisch/ Kroatisch
92%
Papua-neuguineaTok Pool/ Hiri Motu/ Englisch
92%
PakistanUrdu/ Englisch
92%
ZypernGriechisch/ Türkisch
89%
HaitiHaitianisches Kreolisch/ Französisch
84%
IndonesienIndonesisch
77%
TadschikistanTadschikisch
55%
SurinameHollandisch
54%
AndorraKatalanisch
41%
AfghanistanPaschtu/ Von
21%

Verteilung der Resultate

Perzentil nach korrekt beantworteten Fragen

Anzahl Personen mit jedem Resultat

Ihre Resultats-Entwicklung

Sie haben dieses Quiz noch nicht gespielt